BASIC FOR PHARMACEUTICAL SUBSTANCE (Record no. 14897)

MARC details
000 -LEADER
fixed length control field 00301nam a22001337a 4500
003 - CONTROL NUMBER IDENTIFIER
control field SGT
020 ## - INTERNATIONAL STANDARD BOOK NUMBER
International Standard Book Number 92-4-154204-7
082 ## - DEWEY DECIMAL CLASSIFICATION NUMBER
Classification number 615.19
Item number P08A
100 ## - MAIN ENTRY--PERSONAL NAME
Personal name W.H.O,AITBS
245 ## - TITLE STATEMENT
Title BASIC FOR PHARMACEUTICAL SUBSTANCE
260 ## - PUBLICATION, DISTRIBUTION, ETC. (IMPRINT)
Place of publication, distribution, etc NEW DELHI
Name of publisher, distributor, etc AITBS PUB
Year of Publication 2008
650 ## - SUBJECT ADDED ENTRY--TOPICAL TERM
Topical term or geographic name as entry element AYURVEDA
942 ## - ADDED ENTRY ELEMENTS (KOHA)
Source of classification or shelving scheme Dewey Decimal Classification
Koha item type Books
Holdings
Withdrawn status Lost status Source of classification or shelving scheme Damaged status Not for loan Collection code Home library Current library Shelving location Date acquired Vendor Name Cost, normal purchase price SGTU Bill Number Total Checkouts Full call number Accession No. (Barcode) Date last seen Bill Date Koha item type
    Dewey Decimal Classification     AYURVEDA SGT FA-FP Library SGT FA-FP Library Text Book 30/01/2018 AHUJA PUB 225.00 SGTU 9136   615.19 P08A FA7996 30/01/2018 04/01/2018 Books
    Dewey Decimal Classification     AYURVEDA SGT FA-FP Library SGT FA-FP Library Text Book 30/01/2018 AHUJA PUB 225.00 SGTU 9136   615.19 P08A FA7997 30/01/2018 04/01/2018 Books
    Dewey Decimal Classification     AYURVEDA SGT FA-FP Library SGT FA-FP Library Text Book 30/01/2018 AHUJA PUB 225.00 SGTU 9136   615.19 P08A FA7998 30/01/2018 04/01/2018 Books
    Dewey Decimal Classification     AYURVEDA SGT FA-FP Library SGT FA-FP Library Text Book 30/01/2018 AHUJA PUB 225.00 SGTU 9136   615.19 P08A FA7999 30/01/2018 04/01/2018 Books
    Dewey Decimal Classification     AYURVEDA SGT FA-FP Library SGT FA-FP Library Text Book 30/01/2018 AHUJA PUB 225.00 SGTU 9136   615.19 P08A FA8000 30/01/2018 04/01/2018 Books